ARRUPE JESUIT UNIVERSITY

CORONAVIRUS -STOP THE SPREAD - CLEAN,DISINFECT,COVER

Congo kitabu, (Record no. 120365)

MARC details
000 -LEADER
fixed length control field 00858cam a22002651 4500
001 - CONTROL NUMBER
control field 9398065
003 - CONTROL NUMBER IDENTIFIER
control field ARRUPE
005 - DATE AND TIME OF LATEST TRANSACTION
control field 20140402143904.0
008 - FIXED-LENGTH DATA ELEMENTS--GENERAL INFORMATION
fixed length control field 720427s1965 nyuac 000 0aeng
010 ## - LIBRARY OF CONGRESS CONTROL NUMBER
LC control number 65021250
035 ## - SYSTEM CONTROL NUMBER
System control number (OCoLC)295540
040 ## - CATALOGING SOURCE
Original cataloging agency DLC
Transcribing agency OAU
Modifying agency OCoLC
-- DLC
043 ## - GEOGRAPHIC AREA CODE
Geographic area code fe-----
050 00 - LIBRARY OF CONGRESS CALL NUMBER
Classification number DT647
Item number .H3
082 ## - DEWEY DECIMAL CLASSIFICATION NUMBER
Classification number 916.75
300 ## - PHYSICAL DESCRIPTION
Other physical details illus., ports.
Dimensions 23 cm.
100 1# - MAIN ENTRY--PERSONAL NAME
Personal name Hallet, Jean-Pierre,
Dates associated with a name 1927-
9 (RLIN) 9722
245 10 - TITLE STATEMENT
Title Congo kitabu,
Statement of responsibility, etc by Jean-Pierre Hallet. With the editorial collaboration of Alex Pelle.
260 ## - PUBLICATION, DISTRIBUTION, ETC. (IMPRINT)
Place of publication, distribution, etc New York,
Name of publisher, distributor, etc Fawcett crest Book
Date of publication, distribution, etc [1965]
300 ## - PHYSICAL DESCRIPTION
Extent 436 p.
500 ## - GENERAL NOTE
General note Autobiographical.
651 #0 - SUBJECT ADDED ENTRY--GEOGRAPHIC NAME
Geographic name Congo (Democratic Republic)
General subdivision Description and travel.
9 (RLIN) 9723
651 #0 - SUBJECT ADDED ENTRY--GEOGRAPHIC NAME
Geographic name Africa, East
General subdivision Description and travel.
9 (RLIN) 9724
906 ## - LOCAL DATA ELEMENT F, LDF (RLIN)
a 7
b cbc
c oclcrpl
d u
e ncip
f 19
g y-gencatlg
942 ## - ADDED ENTRY ELEMENTS (KOHA)
Source of classification or shelving scheme Library of Congress Classification
Koha item type REFERENCE
Holdings
Withdrawn status Lost status Source of classification or shelving scheme Damaged status Not for loan Collection code Home library Current library Shelving location Date acquired Total Checkouts Full call number Barcode Date last seen Price effective from Koha item type
    Library of Congress Classification     SPECIAL Collection ARRUPE LIBRARY ARRUPE LIBRARY Main Collection 02/04/2014   SPC DT647 .H3 1966 46500001791 02/04/2014 02/04/2014 REFERENCE

 

Arrupe Library. PO Box MP320 Mt Pleasant, Harare, Zimbabwe
263 242 745411|librarian@aju.ac.zw